Rehabilitating government: pay and employment reform in Africa (Record no. 55976)

MARC details
000 -LEADER
fixed length control field 00826nam a2200193 a 4500
008 - FIXED-LENGTH DATA ELEMENTS--GENERAL INFORMATION
fixed length control field 120416s1994 ||||||||||||||||| || u
020 ## - INTERNATIONAL STANDARD BOOK NUMBER
International Standard Book Number 0821330004
050 ## - LIBRARY OF CONGRESS CALL NUMBER
Classification number IBRD(06)RSS/1994/2
100 ## - MAIN ENTRY--PERSONAL NAME
Personal name Nunberg, Barbara
245 10 - TITLE STATEMENT
Title Rehabilitating government: pay and employment reform in Africa
Statement of responsibility, etc. edited by David L. Lindauer and Barbara Nunberg
260 ## - PUBLICATION, DISTRIBUTION, ETC.
Place of publication, distribution, etc. Washington, D.C.
Name of publisher, distributor, etc. World Bank
Date of publication, distribution, etc. 1994
350 ## - PRICE (NR) (BK AM CF MU VM SE) [OBSOLETE]
Price 0.00
490 ## - SERIES STATEMENT
Series statement World Bank Regional and Sectoral Studies
650 ## - SUBJECT ADDED ENTRY--TOPICAL TERM
Topical term or geographic name entry element CIVIL SERVICE REFORM--DEVELOPING COUNTRIES
650 ## - SUBJECT ADDED ENTRY--TOPICAL TERM
Topical term or geographic name entry element DEVELOPING COUNTRIES--OFFICIALS AND EMPLOYEES--SALARIES, ETC
700 ## - ADDED ENTRY--PERSONAL NAME
Personal name Lindauer, David L
710 ## - ADDED ENTRY--CORPORATE NAME
Corporate name or jurisdiction name as entry element World Bank
995 ## - RECOMMENDATION 995 [LOCAL, UNIMARC FRANCE]
-- 0.00
-- CBU-MAIN LIBRARY (Kitwe)
-- 1
-- 0.00
-- 1
-- AVAILABLE
-- Aug 13, 2007
-- International Publications
Holdings
Withdrawn status Lost status Source of classification or shelving scheme Damaged status Not for loan Home library Current library Shelving location Date acquired Total Checkouts Full call number Barcode Date last seen Price effective from Koha item type
          CBU-MAIN LIBRARY, KITWE. CBU-MAIN LIBRARY, KITWE.   11/30/2022   IBRD(06)RSS/1994/2 026581 11/30/2022 11/30/2022 MONOGRAPH